1506 1825 1151 1640 1472 1492 1446 1517 1440 1747 1093 1237 1634 1795 1658 1121 1205 1856 1561 1371 1011 1103 1356 1509 1823 1914 1497 1021 1427 1214 1358 1249 1281 1921 1600 1876 1156 1069 1599 1308 1834 1338 1374 1462 1175 1887 1012 1097 1241 1135 1310 1452 1990 1979 1099 1010 1509 1263 1708 1684 1401 1417 1707 1707 1533 1789 1854 1310 1762 1431 1576 1793 1790 1968 1781 1380 1222 1595 1311 1877 1143 1687 1906 1840 1285 1527 1713 1947 1376 1000 1566 1338 1178 1718 1235 1334 1258 1376 1018 BCNSPRNW ULIB Ver.6.0+V

เปลี่ยนเป็นภาษาไทย

Change to English
 แสดงรายละเอียดบรรณานุกรม
  กลับหน้าหลัก

Brief Record : Get Marc (ISO 2709) : E-mail record : QR code < ปิดหน้าต่าง
LEADER : 00000nam 2200000uu 4500
001    13399114470
003     ULIB
008    120404s2553||||th 000 0 tha d
020    ^a9786167017426
090    ^aนว.^bป524ค 2553
100 0  ^aปัญญมาตย์
245 00 ^aคมเล่ห์เสห่หา/^cปัญญมาตย์
250    ^aพิมพ์ครั้งที่ 1
260    ^aกรุงเทพฯ :^bอักษรศาสตร์,^c2553
300    ^a246 หน้า
710 1  ^aอักษรศาสตร์
945    ^p229^l0^i17071
995    ^aกัณชพร
999    ^aใช้งานได้ทุกระบบ
รายการนี้ยังไม่มีแท็ก
คุณยังไม่ได้ล็อกอิน คุณสามารถมีกิจกรรมร่วมกับเว็บไซต์ได้ แต่ต้องล็อกอินก่อน ::
  ล็อกอิน

รายการสื่อสารสนเทศ

ลำดับที่ ประเภท เลขเรียก/บาร์โค้ด สถานที่ สถานะ
1. นวนิยาย
นวนิยาย
นว. ป524ค 2553  
  Barcode: 17071
ห้องสมุดวิทยาเขตสวรรค์ประชารักษ์
►นวนิยาย
บนชั้น
  ขอยืม

BibComment


ยังไม่เคยถูกคอมเมนท์

คอมเมนท์ทรัพยากรรายการนี้
  คอมเมนท์: คมเล่ห์เสห่หา ปั..


 Copyright 2026. Bcnsprnw @Library